Sports Quiz

Random Sports or Basketball Quiz

Memphis Grizzlies All-Time Leaders Quiz Stats

Quiz Updated May 17, 2018

Challenge
Share
Tweet
Embed
Score 0/50 Timer 06:00
3 Plays Today
Answer % Correct
Marc Gasol
97.7%
Marc Gasol
97.7%
Marc Gasol
97.7%
Marc Gasol
97.7%
Marc Gasol
97.7%
Pau Gasol
97.3%
Pau Gasol
97.3%
Pau Gasol
97.3%
Pau Gasol
97.3%
Zach Randolph
90.3%
Zach Randolph
90.3%
Mike Conley
90.2%
Mike Conley
90.2%
Mike Conley
90.2%
Rudy Gay
65.4%
Rudy Gay
65.4%
Rudy Gay
65.4%
Rudy Gay
65.4%
Rudy Gay
65.4%
Tony Allen
64.4%
Zach Randolph
64.4%
Zach Randolph
50.4%
Shareef Abdur-Rahim
50.3%
Shareef Abdur-Rahim
50.3%
Shareef Abdur-Rahim
50.3%
Answer % Correct
Shareef Abdur-Rahim
50.3%
Shareef Abdur-Rahim
50.3%
Jason Williams
49.7%
Jason Williams
49.7%
Mike Conley
49.1%
Mike Miller
48.5%
Mike Miller
48.5%
Mike Miller
48.5%
O.J. Mayo
41.8%
O.J. Mayo
41.8%
Bryant Reeves
41.2%
Bryant Reeves
41.2%
Bryant Reeves
41.2%
Tony Allen
41.1%
Mike Bibby
39.6%
Mike Bibby
39.6%
Shane Battier
33.1%
Shane Battier
33.1%
Shane Battier
33.1%
Stromile Swift
23.9%
Stromile Swift
23.9%
Lorenzen Wright
17.9%
Lorenzen Wright
17.9%
Darko Milicic
7.2%
Earl Watson
5.4%

You're not logged in!

Compare scores with friends on all Sporcle quizzes.
Join for Free
OR
Log In

You Might Also Like...

Show Comments

Extras

Top Quizzes Today


Score Distribution

Your Account Isn't Verified!

In order to create a playlist on Sporcle, you need to verify the email address you used during registration. Go to your Sporcle Settings to finish the process.

Report this User

Report this user for behavior that violates our Community Guidelines.

Details: